| 000 | 00804nam a22001817a 4500 | ||
|---|---|---|---|
| 003 | CEME | ||
| 005 | 20210628204957.0 | ||
| 008 | 210222b xxu||||| |||| 00| 0 eng d | ||
| 020 | _a81-224-0885-0 | ||
| 040 | _c. | ||
| 082 | _a621.3813 REC'S | ||
| 100 |
_aSharma, Enakshi _973160 |
||
| 245 | _aRecent advances in microwaves and light waves proceding material symposium on decemer 4-6-1995 at university of delhi south campus | ||
| 260 |
_aNEW DELHI _bNEW AGO _c1995 |
||
| 300 | _a748P | ||
| 650 |
_aMICROWAVES SUPER CONDUCTIVITY MICROWAVE INTERGRATED CIRCUITS OPTICAL COMMUNICATION BIO-LOGICAL EFFECTS OF MICROWAVES MICROWAVE ANTENNAS-2 MICROWAVE PHOTONICS MICROWAVE MATERIALS AND DIELECTRIC RESONATORS MICROWAVE ANTENNAS-1 FIBER OPTICS MICROWAVE AND LIGHTWAVE RED ACTIVIT _973161 |
||
| 942 |
_cBK _2ddc |
||
| 999 |
_c578997 _d578997 |
||